Statistiques concernant Chansons d'Alain Bashung

Cliquez ici pour prendre le quiz!

Statistiques générales

  • Ce quiz a été pris 6 fois
  • Le résultat moyen est 6 sur 172

Statistiques - réponses

AlbumTitre% Correct
Fantaisie militaire2La nuit je mens
83%
Osez Joséphine7Osez Joséphine
67%
Pizza7Vertige de l'amour
67%
Roman-photos1Roman-photos
50%
Passé le Rio Grande10Chat
33%
Pizza11Fan
33%
Fantaisie militaire3Fantaisie militaire
33%
Pizza13Gaby oh Gaby
33%
L'Homme à tête de chou1L'Homme à tête de chou
33%
L'Imprudence13L'Imprudence
33%
Chatterton3Ma petite entreprise
33%
Roulette russe8Bijou, bijou
17%
Osez Joséphine10Madame rêve
17%
Bleu pétrole2Résidents de la République
17%
Fantaisie militaire42043
0%
L'Homme à tête de chou6Aéroplanes
0%
Pizza4Aficionado
0%
Novice4Alcaline
0%
Fantaisie militaire12Angora
0%
Chatterton10À Ostende
0%
Chatterton1À perte de vue
0%
Chatterton6Après d'âpres hostilités
0%
Fantaisie militaire9Aucun express
0%
Fantaisie militaire10Au pavillon des lauriers
0%
La Ballade de Calamity Jane6Bill and Jane
0%
Roman-photos3Blablas
0%
Osez Joséphine6Blue Eyes Crying in the Rain
0%
Novice7Bombez !
0%
Novice11By proxy
0%
La Ballade de Calamity Jane12By the River
0%
Pizza1Ça cache quekchose
0%
Passé le Rio Grande2Camping jazz
0%
Roman-photos9Cendrillon de Chinatown
0%
Play blessures1C'est comment qu’on freine
0%
Roman-photos5C'est la faute à Dylan
0%
Figure imposée5Chaque nuit bébé
0%
L'Homme à tête de chou2Chez Max coiffeur pour hommes
0%
Bleu pétrole6Comme un lego
0%
Chatterton9Danse d'ici
0%
L'Imprudence11Dans la foulée
0%
Passé le Rio Grande3Dean Martin
0%
Fantaisie militaire7Dehors
0%
Passé le Rio Grande4Douane Eddy
0%
Figure imposée6Élégance
0%
Novice6Elle fait l'avion
0%
En amont4Elle me dit les mêmes mots
0%
Pizza12Elle s'fait rougir toute seule
0%
Roulette russe3Elsass Blues
0%
Chatterton4Elvire
0%
L'Imprudence9Est-ce aimer
0%
Novice9Étrange été
0%
L'Imprudence12Faisons envie
0%
L'Imprudence2Faites monter
0%
L'Homme à tête de chou5Flash Forward
0%
Roulette russe5Guru, tu es mon Führer de vivre
0%
Osez Joséphine3Happe
0%
Passé le Rio Grande1Helvète Underground
0%
Passé le Rio Grande7Herr Major
0%
Figure imposée4Hi !
0%
Bleu pétrole4Hier à Sousse
0%
Figure imposée2Horoscope
0%
Pizza5Idylle au Caire
0%
La Ballade de Calamity Jane4I'll See Your Eyes Again
0%
Bleu pétrole11Il voyage en solitaire
0%
Figure imposée3Imbécile
0%
En amont1Immortels
0%
Novice8Intrépide malgré la fièvre
0%
La Ballade de Calamity Jane1Introduction
0%
Chatterton12J'ai longtemps contemplé
0%
L'Imprudence8Jamais d'autre que toi
0%
Chatterton7J'avais un pense-bête
0%
Play blessures8J'croise aux Hébrides
0%
Osez Joséphine1J'écume
0%
Roulette russe1Je fume pour oublier que tu bois
0%
L'Imprudence3Je me dore
0%
Play blessures7J'envisage
0%
Bleu pétrole1Je t'ai manqué
0%
Bleu pétrole8Je tuerai la pianiste
0%
Chatterton8J'passe pour une caravane
0%
Pizza3J'sors avec ma frangine
0%
Play blessures9Junge Männer
0%
Osez Joséphine8Kalabougie
0%
Roman-photos6Kimono
0%
L'Imprudence5La Ficelle
0%
En amont3La Mariée des roseaux
0%
Roman-photos2L'amour c'est pas confortable
0%
Chatterton11L'Apiculteur
0%
Pizza2L'Araignée
0%
Passé le Rio Grande6L'Arrivée du Tour
0%
Play blessures6Lavabo
0%
La Ballade de Calamity Jane3 | 5 | 7 | +4 othersLecture
0%
L'Imprudence10Le Dimanche à Tchernobyl
0%
Novice3Légère éclaircie
0%
Roman-photos4Le Pianiste de l'Eden
0%
En amont7Les Arcanes
0%
Bleu pétrole10Le Secret des banquises
0%
Osez Joséphine5Les Grands Voyageurs
0%
Roulette russe9Les Petits Enfants
0%
En amont9Les Rêves de vétéran
0%
En amont5Les Salines
0%
L'Imprudence7L'Irréel
0%
Figure imposée8Lou ravi
0%
L'Homme à tête de chou12Lunatic Asylum
0%
Fantaisie militaire1Malaxe
0%
Passé le Rio Grande5Malédiction
0%
L'Homme à tête de chou8Ma Lou Marilou
0%
En amont2Ma peau va te plaire
0%
L'Homme à tête de chou3Marilou Reggae
0%
L'Homme à tête de chou11Marilou sous la neige
0%
Play blessures5Martine boude
0%
L'Imprudence4Mes bras
0%
Fantaisie militaire5Mes prisons
0%
L'Homme à tête de chou10Meurtre à l'extincteur
0%
Passé le Rio Grande8Milady
0%
Roulette russe6Milliards de nuits dans le frigo
0%
En amont6Montevideo
0%
Osez Joséphine11Nights in White Satin
0%
L'Imprudence6Noir de monde
0%
En amont11Nos âmes à l'abri
0%
Figure imposée10Nuits halloween
0%
Fantaisie militaire6Ode à la vie
0%
La Ballade de Calamity Jane14Old and Queer
0%
Novice10Outrage
0%
Roulette russe7Pas question que j'perde le feeling
0%
Figure imposée7Poisson d'avril
0%
L'Homme à tête de chou7Premiers symptômes
0%
Play blessures4Prise femelle
0%
Pizza6Privé
0%
Novice1Pyromanes
0%
Chatterton2Que n'ai-je
0%
Pizza8Rebel
0%
Novice2Résidences
0%
Pizza9Retours
0%
Pizza10Reviens va-t-en
0%
Passé le Rio Grande9Rognons 1515
0%
La Ballade de Calamity Jane10Sad and Free
0%
La Ballade de Calamity Jane2Saddle the Wind
0%
Fantaisie militaire8Samuel Hall
0%
Play blessures2Scènes de manager
0%
La Ballade de Calamity Jane8See You Later
0%
En amont8Seul le chien
0%
Osez Joséphine9She Belongs to Me
0%
Fantaisie militaire11Sommes-nous
0%
Roulette russe11Squeezé
0%
Roulette russe2Station service
0%
Bleu pétrole7Sur un trapèze
0%
Bleu pétrole9Suzanne
0%
Bleu pétrole3Tant de nuits
0%
L'Imprudence1Tel
0%
Roman-photos7Te revoir
0%
La Ballade de Calamity Jane16To Bill
0%
Roulette russe10Toujours sur la ligne blanche
0%
L'Homme à tête de chou4Transit à Marilou
0%
Play blessures10Trompé d'érection
0%
Novice5Tu m'as jeté
0%
Chatterton5Un âne plane
0%
En amont10Un beau déluge
0%
L'Homme à tête de chou9Variations sur Marilou
0%
Bleu pétrole5Vénus
0%
Play blessures3Volontaire
0%
Osez Joséphine2Volutes
0%
Figure imposée9Week-end doux
0%
Osez Joséphine4Well All Right
0%
Figure imposée1What's in a Bird
0%
Roman-photos8Y'a des jours
0%
Roulette russe4Y'a un yéti
0%

Distribution des résultats

Percentile par nombre de réponses

% des personnes avec chaque résultat

Votre développement - résultats

Vous n’avez pas pris ce quiz